000 00766nas a2200265Ia 4500
001 A50/R191-50314
003 IT-MiCISF
008 161014c99999999xx |||||||||||| ||und||
040 _aIT-MiCISF
_cIT-MiCISF
041 _aITALIANO
100 _aDoldi Marco
210 _aSì alla vita
222 _aSì alla vita
245 0 _aRisposta metafisica alla deriva eutanasica
250 _a1a ed.
260 _c2011
501 _bCISF - Centro Internazionale Studi Famiglia - Via Giotto, 36 20145 MILANO (non commercial uses only)
_cCopyright 2016
300 _app. 16-18
362 _an. 4, aprile [2011]
500 _a Tema: eutanasia, legislazione
650 _aBIOETICA
_varticolo
700 _aAA.VV.
942 _cCR
957 _71
999 _a50314
_bSi
_g1
_c240772
_d240772